[Event "Wch U12 Girls"]
[Site "Batumi"]
[Date "2016.10.30"]
[Round "11"]
[White "Feller, Gabriela Luisa Vice"]
[Black "Giorgadze, Elene"]
[Result "0-1"]
[WhiteElo "1493"]
[BlackElo "1289"]
[PlyCount "40"]
[EventDate "2016.10.19"]
[EventType "swiss"]
[EventRounds "11"]
[EventCountry "GEO"]
[SourceTitle "EXT 2018"]
[Source "ChessBase"]
[SourceDate "2017.10.13"]
[SourceVersion "1"]
[SourceVersionDate "2017.10.13"]
[SourceQuality "1"]

1. d4 d5 2. c4 c6 3. Nc3 Nf6 4. Nf3 e6 5. e3 Nbd7 6. Bd3 dxc4 7. Bxc4 b5 8. Bd3 Bb7 9. 0-0 a6 10. e4 c5 11. Re1 Be7 12. b3 Rc8 13. Bb2 0-0 14. Rc1 cxd4 15. Nxd4 Nc5 16. Bb1 b4 17. e5 bxc3 18. exf6 cxb2 19. fxe7 bxc1Q 20. exd8Q Qxd1 0-1

[Event "Wch U12 Girls"]
[Site "Batumi"]
[Date "2016.10.29"]
[Round "10"]
[White "Giorgadze, Elene"]
[Black "Garau, Francesca"]
[Result "1/2-1/2"]
[WhiteElo "1289"]
[BlackElo "1534"]
[PlyCount "26"]
[EventDate "2016.10.19"]
[EventType "swiss"]
[EventRounds "11"]
[EventCountry "GEO"]
[SourceTitle "EXT 2018"]
[Source "ChessBase"]
[SourceDate "2017.10.13"]
[SourceVersion "1"]
[SourceVersionDate "2017.10.13"]
[SourceQuality "1"]

1. e4 c6 2. d4 d5 3. Nc3 dxe4 4. Nxe4 Nf6 5. Bd3 Nbd7 6. Nf3 e6 7. Be3 Ng4 8. Bf4 Ngf6 9. 0-0 Be7 10. h3 0-0 11. c3 Nxe4 12. Bxe4 Nf6 13. Bd3 c5 1/2-1/2

[Event "Wch U12 Girls"]
[Site "Batumi"]
[Date "2016.10.23"]
[Round "5"]
[White "Giorgadze, Elene"]
[Black "Nurgali, Nazerke"]
[Result "0-1"]
[WhiteElo "1289"]
[BlackElo "2126"]
[PlyCount "48"]
[EventDate "2016.10.19"]
[EventType "swiss"]
[EventRounds "11"]
[EventCountry "GEO"]
[SourceTitle "EXT 2018"]
[Source "ChessBase"]
[SourceDate "2017.10.13"]
[SourceVersion "1"]
[SourceVersionDate "2017.10.13"]
[SourceQuality "1"]

1. e4 c5 2. Nf3 Nc6 3. Bb5 e6 4. 0-0 Nge7 5. Re1 a6 6. Bf1 Ng6 7. c3 Be7 8. d4 cxd4 9. cxd4 d5 10. e5 0-0 11. Nc3 b5 12. a3 Na5 13. b3 Bd7 14. Be3 Rc8 15. Ne2 Qb6 16. Bd2 Rc6 17. Bxa5 Qxa5 18. b4 Qc7 19. Rc1 Rc8 20. Rxc6 Qxc6 21. Qb3 Qc4 22. Nc1 Qc3 23. Qa2 Nh4 24. Nxh4 Qxe1 0-1

[Event "EU-ch rapid (Women)"]
[Site "Kutaisi"]
[Date "2015.06.03"]
[Round "9"]
[White "Giorgadze, Elene"]
[Black "Mikadze, Miranda"]
[Result "0-1"]
[WhiteElo "1185"]
[BlackElo "2233"]
[PlyCount "106"]
[EventDate "2015.06.01"]
[EventType "swiss (rapid)"]
[EventRounds "11"]
[EventCountry "GEO"]
[SourceTitle "CBM 166 Extra"]
[Source "ChessBase"]
[SourceDate "2015.06.18"]
[SourceVersion "1"]
[SourceVersionDate "2015.06.18"]
[SourceQuality "1"]

1. e4 c6 2. Nf3 d5 3. Nc3 Nf6 4. d3 dxe4 5. dxe4 Qxd1+ 6. Kxd1 Bg4 7. Be2 Nbd7 8. Be3 e6 9. a3 Bc5 10. Bxc5 Nxc5 11. e5 Rd8+ 12. Ke1 Nd5 13. Nxd5 Rxd5 14. Rd1 Bxf3 15. Bxf3 Rxe5+ 16. Kd2 Ne4+ 17. Bxe4 Rxe4 18. Rhe1 Rxe1 19. Kxe1 Ke7 20. Rd3 Rd8 21. Rg3 g6 22. Rh3 h5 23. Rb3 b6 24. Rc3 c5 25. b4 Rd5 26. f3 Kd6 27. g4 hxg4 28. fxg4 g5 29. Rf3 f5 30. gxf5 exf5 31. c4 Re5+ 32. Kf2 Ke6 33. Rh3 Re4 34. bxc5 bxc5 35. Rh7 a5 36. Ra7 Rxc4 37. Rxa5 Ke5 38. a4 Rc2+ 39. Kg3 Ke4 40. Ra8 f4+ 41. Kg4 Rg2+ 42. Kh5 g4 43. a5 Kf3 44. a6 Rxh2+ 45. Kg5 Ra2 46. a7 c4 47. Rc8 Ra5+ 48. Kh4 Rxa7 49. Rxc4 Re7 50. Rc3+ Re3 51. Rxe3+ fxe3 52. Kg5 e2 53. Kg6 e1Q 0-1

[Event "EU-ch rapid (Women)"]
[Site "Kutaisi"]
[Date "2015.06.02"]
[Round "7"]
[White "Giorgadze, Elene"]
[Black "Donghvani, Nia"]
[Result "0-1"]
[WhiteElo "1185"]
[BlackElo "1444"]
[PlyCount "52"]
[EventDate "2015.06.01"]
[EventType "swiss (rapid)"]
[EventRounds "11"]
[EventCountry "GEO"]
[SourceTitle "CBM 166 Extra"]
[Source "ChessBase"]
[SourceDate "2015.06.18"]
[SourceVersion "1"]
[SourceVersionDate "2015.06.18"]
[SourceQuality "1"]

1. e4 c5 2. Nf3 d6 3. d4 cxd4 4. Nxd4 Nf6 5. Nc3 g6 6. Be3 Bg7 7. f3 0-0 8. Qd2 Nc6 9. 0-0-0 d5 10. Nxc6 bxc6 11. exd5 Nxd5 12. Nxd5 cxd5 13. Qxd5 Qc7 14. Qxa8 Bf5 15. Qxf8+ Kxf8 16. Rd2 Qb8 17. c3 Bxc3 18. Rf2 Bg7 19. g3 Qe5 20. Be2 Qxe3+ 21. Kd1 Qxf2 22. Rf1 Qd4+ 23. Ke1 Qe3 24. Rh1 Bd3 25. Kf1 Qxe2+ 26. Kg1 Bd4# 0-1

[Event "EU-ch rapid (Women)"]
[Site "Kutaisi"]
[Date "2015.06.02"]
[Round "5"]
[White "Kostava, Elene"]
[Black "Giorgadze, Elene"]
[Result "1-0"]
[WhiteElo "1691"]
[BlackElo "1185"]
[PlyCount "49"]
[EventDate "2015.06.01"]
[EventType "swiss (rapid)"]
[EventRounds "11"]
[EventCountry "GEO"]
[SourceTitle "CBM 166 Extra"]
[Source "ChessBase"]
[SourceDate "2015.06.18"]
[SourceVersion "1"]
[SourceVersionDate "2015.06.18"]
[SourceQuality "1"]

1. d4 d5 2. c4 c6 3. Nf3 Nf6 4. Nc3 e6 5. e3 Bb4 6. Bd2 0-0 7. Bd3 Nbd7 8. 0-0 Qc7 9. cxd5 cxd5 10. Nb5 Qa5 11. Bxb4 Qxb4 12. Qc2 Nb6 13. a3 Qe7 14. Qb3 Bd7 15. Nxa7 Rxa7 16. Qxb6 Rfa8 17. Rac1 Bc6 18. Ne5 Qd6 19. Nxc6 Ng4 20. g3 e5 21. Ne7+ Kf8 22. Qxd6 exd4 23. Rc8+ Rxc8 24. Nxc8+ Ke8 25. Qe7# 1-0